Caminos de utopía / (Record no. 36621)

MARC details
000 -LEADER
campo de control de longitud fija 00667nam a2200205 i 4500
001 - NÚMERO DE CONTROL
campo de control 36621
003 - IDENTIFICADOR DE NÚMERO DE CONTROL
campo de control ES-MaACL
005 - FECHA Y HORA DE LA ÚLTIMA TRANSACCIÓN
campo de control 20230906155414.0
007 - CAMPO FIJO DE DESCRIPCIÓN FÍSICA--INFORMACIÓN GENERAL
campo de control de longitud fija t|
008 - DATOS DE LONGITUD FIJA--INFORMACIÓN GENERAL
campo de control de longitud fija 030218s1955 mx ||||1| spa d
100 1# - ENTRADA PRINCIPAL--NOMBRE DE PERSONA
Nombre de persona Buber, Martin.
9 (RLIN) 32267
245 10 - MENCIÓN DEL TÍTULO
Título Caminos de utopía /
Mención de responsabilidad, etc. por Martín Buber ; [traducción de Rovira Armengol].
260 ## - PUBLICACIÓN, DISTRIBUCIÓN, ETC.
Lugar de publicación, distribución, etc. México :
Nombre del editor, distribuidor, etc. [s.n.,
Fecha de publicación, distribución, etc. 1955] (
Fabricante Gráf. Panamericana)
300 ## - DESCRIPCIÓN FÍSICA
Extensión 204 p. ;
Dimensiones 17 cm.
490 1# - MENCIÓN DE SERIE
Mención de serie Breviarios del Fondo de Cultura Económica
700 1# - ENTRADA AGREGADA--NOMBRE PERSONAL
Nombre de persona Rovira Armengol, José.
9 (RLIN) 100141
830 0# - PUNTO DE ACCESO ADICIONAL DE SERIE-TÍTULO UNIFORME
Título uniforme Breviarios del Fondo de Cultura Económica
9 (RLIN) 179682
852 ## - LOCALIZACIÓN
Ubicación ES-MaACL
Número de control de estantería C-17344
Sublocalización o colección R.45218
Holdings
Estatus retirado Estado de pérdida Estado de daño No para préstamo Biblioteca de origen Biblioteca actual Ubicación en estantería Fecha de adquisición Fuente de adquisición Total de préstamos Signatura topográfica completa Código de barras Visto por última vez Precio de reemplazo Tipo de ítem Koha
        Biblioteca del Ateneo de Madrid Biblioteca del Ateneo de Madrid Galería 17/01/2008     C-17344 1038489 23/02/2023 23/02/2023 Libro impreso